Normal view
MARC view
Entry Personal Name
001 - CONTROL NUMBER
- control field: 58905
003 - CONTROL NUMBER IDENTIFIER
- control field: dpl
005 - DATE AND TIME OF LATEST TRANSACTION
- control field: 20231121143808.0
008 - FIXED-LENGTH DATA ELEMENTS
- fixed length control field: 231121|| aca||aabn | a|a d
040 ## - CATALOGING SOURCE
- Original cataloging agency: dpl
- Transcribing agency: dpl
100 ## - HEADING--PERSONAL NAME
- Personal name: K Panneerselvam
670 ## - SOURCE DATA FOUND
- Source citation: Work cat.: (dpl)198834: Contemporary management practice/, 2023
